Línguas Eslavas - Statistics

Estatísticas Gerais
  • Esse quiz foi jogado 6 159 vezes
  • A pontuação média é 7 de 10
Estatísticas das Respostas
Falantes Nativos Língua % Correto
155 mi Russo
97%
30 mi Ucraniano
83%
19 mi Servo-Croata
81%
40 mi Polonês
72%
9 mi Búlgaro
65%
2.1 mi Esloveno
65%
5.5 mi Eslovaco
61%
10 mi Checo
60%
7.6 mi Bielorrusso
58%
2 mi Macedônio
40%
Nenhum quiz correspondente encontrado
Distribuição das Pontuações
Porcentagem de Pessoas com Cada Pontuação
Percentil de Números Respondidos
Sua Pontuação Histórica
Você não jogou esse quiz